| 000 | 00347nam a2200133Ia 4500 | ||
|---|---|---|---|
| 100 | _aNewcomer/Lawrence R. | ||
| 942 | _cBK | ||
| 654 | _aProgramming | ||
| 245 | _aSchaums outline of theory & probs of programming with structured cobol | ||
| 260 |
_bMcGraw Hill _aNew York _c1986 |
||
| 082 |
_a001.6424C _bNew |
||
| 300 | _a375 | ||
| 546 | _aENGLISH | ||
| 999 |
_c35014 _d35014 |
||